000 00617nam a2200169 a 4500
001 000044434
005 20240306185038.0
008 140630s1999 dr a 000 0 spa d
040 _aDO-SdBNP
_bspa
_cBNPHU
082 _axxxx
_bxxxx
100 1 _aArteaga Rojas, Haydeé
_972443
245 1 0 _aNamach :
_brelatos orales para niños /
_cHaydeé Arteaga Rojas.
260 _aSanto Domingo :
_bCPEP,
_c1999.
300 _a122 p. :
_bil. ;
_c24 cm.
710 1 _aRepública Dominicana
_bComisión Permanente de Efemérides Patria
_945309
710 _aSecretaría de Estado de Educación y Cultura, (República Dominicana)
_955093
999 _c43923
_d43923